000 01224 a2200313 4500
003 OSt
005 20180116192353.0
008 120601t xxu||||| |||| 00| 0 eng d
010 _a 2010502903
020 _a9780714848822
020 _a0714848824
035 _a(OCoLC)ocn209331299
040 _c0
082 0 4 _a759.2
100 1 _aAbts, Tomma,
_93663
245 1 0 _aTomma Abts /
_cforeword by Lisa Phillips ; essays by Laura Hoptman, Jan Verwoert, and Bruce Hainley.
260 _aNew York :
_bNew Museum ;
_aLondon :
_bPhaidon,
_cc2008.
300 _a135 p. :
_bcol. ill. ;
_c27 cm.
500 _aPublished on the occasion of an exhibition at the New Museum in New York, April 9 - June 29, 2008 and the Hammer Museum in Los Angeles, July 27 - November 2, 2008.
600 1 0 _aAbts, Tomma,
_d1967-
_93664
650 1 0 _aArt, Abstract
_93665
700 1 _aHoptman, Laura J.,
_d1962-
_93666
700 1 _aVerwoert, Jan.
_93667
700 1 _aHainley, Bruce.
_93668
710 2 _aNew Museum of Contemporary Art (New York, N.Y.)
_93669
710 2 _aArmand Hammer Museum of Art and Cultural Center.
_93670
942 _aSADA
_cBK
_k759.2 ABT 2008
_2ddc
999 _c353000
_d353000